Formule 1 - Vainqueurs du GP de Mexico, Mexique - Statistiques

Statistiques générales
  • Ce quiz a été pris 90 fois
    27 depuis la dernière actualisation
  • Le résultat moyen est 20 sur 25
Statistiques - réponses
Années Pilotes % Correct
2024 Carlos Sainz
100%
2025 Lando Norris
100%
2017 Max Verstappen
100%
2018 Max Verstappen
100%
2021 Max Verstappen
100%
2022 Max Verstappen
100%
2023 Max Verstappen
100%
1989 Ayrton Senna
95%
2015 Nico Rosberg
95%
1988 Alain Prost
89%
1990 Alain Prost
89%
2016 Lewis Hamilton
89%
2019 Lewis Hamilton
89%
1987 Nigel Mansell
89%
1992 Nigel Mansell
89%
1963 Jim Clark
84%
1967 Jim Clark
84%
1968 Graham Hill
79%
1966 John Surtees
74%
1986 Gerhard Berger
58%
1969 Denny Hulme
53%
1970 Jacky Ickx
42%
1991 Riccardo Patrese
42%
1964 Dan Gurney
11%
1965 Richie Ginther
11%
Aucun quiz correspondant
Distribution des résultats
% des personnes avec chaque résultat
Percentile par nombre de réponses
Votre historique - résultats
Vous n’avez pas pris ce quiz depuis la dernière actualisation